<?xml version="1.0" encoding="UTF-8"?>
<record
    xmlns:xsi="http://www.w3.org/2001/XMLSchema-instance"
    xsi:schemaLocation="http://www.loc.gov/MARC21/slim http://www.loc.gov/standards/marcxml/schema/MARC21slim.xsd"
    xmlns="http://www.loc.gov/MARC21/slim">

  <leader>01585cam a2200325 i 4500</leader>
  <controlfield tag="001">78795</controlfield>
  <controlfield tag="003">BD-RjUL</controlfield>
  <controlfield tag="005">20211209083156.0</controlfield>
  <controlfield tag="008">200312s1891    ii            000 0 ara  </controlfield>
  <datafield tag="035" ind1=" " ind2=" ">
    <subfield code="a">(BD-RjUL)79022</subfield>
  </datafield>
  <datafield tag="040" ind1=" " ind2=" ">
    <subfield code="a">DLC</subfield>
    <subfield code="b">eng</subfield>
    <subfield code="e">rda</subfield>
    <subfield code="c">DLC</subfield>
  </datafield>
  <datafield tag="041" ind1=" " ind2=" ">
    <subfield code="a">ara</subfield>
  </datafield>
  <datafield tag="066" ind1=" " ind2=" ">
    <subfield code="c">(3</subfield>
  </datafield>
  <datafield tag="082" ind1=" " ind2=" ">
    <subfield code="2">23</subfield>
    <subfield code="a">340.59</subfield>
    <subfield code="b">QAK 1891</subfield>
  </datafield>
  <datafield tag="100" ind1="1" ind2=" ">
    <subfield code="a">&#x642;&#x646;&#x648;&#x62C;&#x64A;&#x60C; &#x645;&#x62D;&#x645;&#x62F; &#x628;&#x634;&#x64A;&#x631; &#x627;&#x644;&#x62F;&#x64A;&#x646;   ;; Qannawj&#x12B;, Mu&#x1E25;ammad Bash&#x12B;r al-D&#x12B;n,</subfield>
    <subfield code="d">-1848.</subfield>
    <subfield code="9">250041</subfield>
  </datafield>
  <datafield tag="245" ind1="1" ind2="0">
    <subfield code="a"> &#x643;&#x634;&#x641; &#x627;&#x644;&#x645;&#x628;&#x647;&#x645; &#x645;&#x645;&#x627; &#x641;&#x64A; &#x627;&#x644;&#x645;&#x633;&#x644;&#x645; ;; Kashf al-mubhim mimm&#x101; f&#x12B; al-Musallam /</subfield>
    <subfield code="c">&#x645;&#x62D;&#x645;&#x62F; &#x628;&#x634;&#x64A;&#x631; &#x627;&#x644;&#x62F;&#x64A;&#x646; &#x627;&#x644;&#x642;&#x646;&#x648;&#x62C;&#x64A;. ;; li-Mu&#x1E25;ammad Bash&#x12B;r al-D&#x12B;n al-Qannawj&#x12B;.</subfield>
  </datafield>
  <datafield tag="264" ind1=" " ind2="1">
    <subfield code="a"> &#x643;&#x631;&#x627;&#x686;&#x64A; ;; Karachi :</subfield>
    <subfield code="b">&#x62A;&#x627;&#x62C;&#x631;&#x627;&#x646; &#x6A9;&#x62A;&#x628; ,</subfield>
    <subfield code="c">1308 [1891]</subfield>
  </datafield>
  <datafield tag="300" ind1=" " ind2=" ">
    <subfield code="a">256 pages ;</subfield>
    <subfield code="c">23 cm</subfield>
  </datafield>
  <datafield tag="600" ind1="1" ind2="0">
    <subfield code="a">Bah&#x101;r&#x12B;, Mu&#x1E25;ibb All&#x101;h ibn &#x2BB;Abd al-Shak&#x16B;r,</subfield>
    <subfield code="d">-1707 or 1708.</subfield>
    <subfield code="t">Musallam al-thub&#x16B;t.</subfield>
    <subfield code="9">250042</subfield>
  </datafield>
  <datafield tag="650" ind1=" " ind2="0">
    <subfield code="a">Islamic law</subfield>
    <subfield code="x">Interpretation and construction</subfield>
    <subfield code="v">Early works to 1800.</subfield>
    <subfield code="9">250043</subfield>
  </datafield>
  <datafield tag="650" ind1=" " ind2="0">
    <subfield code="a">Hanafites</subfield>
    <subfield code="v">Early works to 1800.</subfield>
    <subfield code="9">250044</subfield>
  </datafield>
  <datafield tag="700" ind1="1" ind2=" ">
    <subfield code="a">  </subfield>
    <subfield code="e"> </subfield>
    <subfield code="9">250046</subfield>
  </datafield>
  <datafield tag="880" ind1="1" ind2=" ">
    <subfield code="6">100-01/(3/r&#x200F;</subfield>
    <subfield code="a">&#x200F;&#x642;&#x646;&#x648;&#x62C;&#x64A;&#x60C; &#x645;&#x62D;&#x645;&#x62F; &#x628;&#x634;&#x64A;&#x631; &#x627;&#x644;&#x62F;&#x64A;&#x646;&#x60C;&#x200F;</subfield>
    <subfield code="d">&#x200F;-1848.</subfield>
  </datafield>
  <datafield tag="880" ind1="1" ind2="0">
    <subfield code="6">245-02/(3/r&#x200F;</subfield>
    <subfield code="a">&#x200F;&#x643;&#x634;&#x641; &#x627;&#x644;&#x645;&#x628;&#x647;&#x645; &#x645;&#x645;&#x627; &#x641;&#x64A; &#x627;&#x644;&#x645;&#x633;&#x644;&#x645; /&#x200F;</subfield>
    <subfield code="c">&#x200F;&#x644;&#x645;&#x62D;&#x645;&#x62F; &#x628;&#x634;&#x64A;&#x631; &#x627;&#x644;&#x62F;&#x64A;&#x646; &#x627;&#x644;&#x642;&#x646;&#x648;&#x62C;&#x64A;.</subfield>
  </datafield>
  <datafield tag="880" ind1=" " ind2="1">
    <subfield code="6">264-03/(3/r&#x200F;</subfield>
    <subfield code="a">&#x200F;&#x62F;&#x647;&#x644;&#x64A; :&#x200F;</subfield>
    <subfield code="b">&#x200F;&#x627;&#x644;&#x645;&#x637;&#x628;&#x639; &#x627;&#x644;&#x645;&#x62C;&#x62A;&#x628;&#x627;&#x626;&#x64A;&#x60C;&#x200F;</subfield>
    <subfield code="c">1308 [1891]</subfield>
  </datafield>
  <datafield tag="880" ind1="1" ind2=" ">
    <subfield code="6">700-04/(3/r&#x200F;</subfield>
    <subfield code="a">&#x200F;&#x645;&#x646;&#x635;&#x648;&#x631;&#x64A;&#x60C; &#x645;&#x62D;&#x645;&#x648;&#x62F; &#x627;&#x644;&#x625;&#x645;&#x627;&#x645;&#x60C;&#x200F;</subfield>
    <subfield code="e">&#x200F;former owner.&#x200F;</subfield>
    <subfield code="5">&#x200F;DLC</subfield>
  </datafield>
  <datafield tag="942" ind1=" " ind2=" ">
    <subfield code="2">ddc</subfield>
    <subfield code="c">BK</subfield>
  </datafield>
  <datafield tag="999" ind1=" " ind2=" ">
    <subfield code="c">78795</subfield>
    <subfield code="d">78795</subfield>
  </datafield>
  <datafield tag="952" ind1=" " ind2=" ">
    <subfield code="0">0</subfield>
    <subfield code="1">0</subfield>
    <subfield code="2">ddc</subfield>
    <subfield code="4">0</subfield>
    <subfield code="7">1</subfield>
    <subfield code="8">NFIC</subfield>
    <subfield code="a">RUCL</subfield>
    <subfield code="b">RUCL</subfield>
    <subfield code="c">Reading</subfield>
    <subfield code="d">2021-11-15</subfield>
    <subfield code="l">0</subfield>
    <subfield code="o">A 340.59 QAK 1891</subfield>
    <subfield code="r">2021-11-15 00:00:00</subfield>
    <subfield code="t">C-1</subfield>
    <subfield code="w">2021-12-09</subfield>
    <subfield code="y">BK</subfield>
  </datafield>
</record>
